Samoa : 2007 Article IV Consultation; Staff Report; and Public Information Notice on the Executive Board Discussion for Samoa.

Samoa has achieved a major economic transformation over the last decade and a half. This 2007 Article IV Consultation highlights that real per capita GDP in Samoa has increased by more than 3 percent per year on average, and external public debt has fallen below 40 percent of GDP. The external posit...

Descrición completa

Detalles Bibliográficos
Autor Corporativo: International Monetary Fund
Formato: Revista
Idioma:English
Publicado: Washington, D.C. : International Monetary Fund, 2007.
Series:IMF Staff Country Reports; Country Report ; No. 2007/185
Acceso en liña:Full text available on IMF
LEADER 01701cas a2200241 a 4500
001 AALejournalIMF009333
008 230101c9999 xx r poo 0 0eng d
020 |c 5.00 USD 
020 |z 9781451840742 
022 |a 1934-7685 
040 |a BD-DhAAL  |c BD-DhAAL 
110 2 |a International Monetary Fund. 
245 1 0 |a Samoa :   |b 2007 Article IV Consultation; Staff Report; and Public Information Notice on the Executive Board Discussion for Samoa. 
264 1 |a Washington, D.C. :  |b International Monetary Fund,  |c 2007. 
300 |a 1 online resource (46 pages) 
490 1 |a IMF Staff Country Reports 
500 |a <strong>Off-Campus Access:</strong> No User ID or Password Required 
500 |a <strong>On-Campus Access:</strong> No User ID or Password Required 
506 |a Electronic access restricted to authorized BRAC University faculty, staff and students 
520 3 |a Samoa has achieved a major economic transformation over the last decade and a half. This 2007 Article IV Consultation highlights that real per capita GDP in Samoa has increased by more than 3 percent per year on average, and external public debt has fallen below 40 percent of GDP. The external position benefited from the rapid growth of remittances and tourism receipts. Executive Directors have congratulated the authorities on Samoa's impressive growth performance and economic transformation over the past decade, with Samoa now set to graduate from least developed country status. 
538 |a Mode of access: Internet 
830 0 |a IMF Staff Country Reports; Country Report ;  |v No. 2007/185 
856 4 0 |z Full text available on IMF  |u http://elibrary.imf.org/view/journals/002/2007/185/002.2007.issue-185-en.xml  |z IMF e-Library